000 00287nam a2200097Ia 4500
008 180205s9999 xx 000 0 und d
100 _aDeuthsch
245 _aTo protect and improve social security :
_bmake every voice count
260 _aUSA
_bDogwood Press
_c1992
300 _aii, 109 pages
999 _c354785
_d354785